Brawl Stars: BT21 Skins by Picture - Statistics

General Stats
  • This quiz has been taken 38 times
  • The average score is 5 of 7
Answer Stats
Picture Answer % Correct
Edgar Tata
93%
Bibi RJ
81%
Bull Mang
78%
Tick Shooky
74%
Sandy Koya
70%
Jacky Cooky
67%
Ruffs Chimmy
67%
No matching quizzes found
Score Distribution
Percent of People with Each Score
Percentile by Number Answered
Your Score History
You have not taken this quiz